| 000 | 00744ntm a22002177a 4500 | ||
|---|---|---|---|
| 005 | 20170813160237.0 | ||
| 008 | 170802s2014 xx a frb 000 0 eng d | ||
| 040 |
_aEG-ScBUE _beng _cEG-ScBUE |
||
| 082 | 0 | 4 |
_222 _a624 _bGUI |
| 100 | 1 | _aGuirguis, Marco Magdy. | |
| 245 | 1 | 0 |
_aWater desalination / _cMarco Magdy Guirguis. |
| 260 | _c2014. | ||
| 300 |
_a43 p. : _bill. (col.) ; _c28 cm. |
||
| 500 | _aA design project submitted to the faculty of engineering, the British University in Egypt in partial fulfillment of the requirement for the bachelor degree in civil engineering | ||
| 590 | _aRahma Khaled | ||
| 650 | 7 |
_2BUEsh _aCivil engineering _vProjects |
|
| 653 |
_bENGCIV _cAugust2017 |
||
| 655 | _vSPRO | ||
| 777 | _ASPRO | ||
| 942 | _2ddc | ||
| 999 |
_c25252 _d25224 |
||